| 000 | 00376nam a22001457a 4500 | ||
|---|---|---|---|
| 003 | OSt | ||
| 020 | _a817029858X | ||
| 040 | _c0 | ||
| 082 |
_222 _a005.44769 |
||
| 100 | _aCowart, Robert. and Waters, Boyd. | ||
| 245 |
_aWindows NT server 4 : _bthe 19 essential skills / |
||
| 260 |
_aNew Delhi, _bBPB Publications, _cc1997. |
||
| 300 |
_axxiii, 488p. ; _bill. ; |
||
| 942 |
_2ddc _cIT |
||
| 999 |
_c5420 _d5420 |
||